| 000 | 01277nam a22003017a 4500 | ||
|---|---|---|---|
| 003 | OSt | ||
| 005 | 20260204170428.0 | ||
| 007 | a | ||
| 008 | 260202b |||||||| |||| 00| 0 eng d | ||
| 020 | _a9781350233089 | ||
| 040 |
_aFoundation University _beng _cFoundation University _dFULib _erda |
||
| 050 |
_aJA 86 _b.2022 B67 |
||
| 100 |
_aBorhani, Seyed Hadi, _eauthor _914539 |
||
| 245 | 0 | 0 |
_aTextbooks on Israel-Palestine : _bthe politics of education and knowledge in the west / _cSeyed Hadi Borhani. |
| 260 |
_aGreat Britain : _bI.B. Tauris, _c2022. |
||
| 264 | _42022. | ||
| 300 |
_3resource _axxvii, 234 pages : _billustrations ; _c24 cm. _fvolume. |
||
| 336 |
_2rdacontent _atext _btxt |
||
| 337 |
_2rdamedia _aunmediated _bn |
||
| 338 |
_2rdacarrier _3resource _avolume _bnc |
||
| 490 | _aUnsettling colonialism in our times. | ||
| 504 | _aIncludes bibliographical references and index. | ||
| 650 |
_2LC _aEducation—Political aspects _914540 |
||
| 651 |
_2LC _aIsrael-Palestine. _914541 |
||
| 658 |
_aPolitical Science, Master of Science in : _bAsian Politics ; _cPOL337 |
||
| 856 |
_uhttps://drive.google.com/file/d/1tJ94F_gsqytuPAENmOy1pg9nmgzRFLnP/view?usp=sharing _yClick here to view the table of content |
||
| 942 |
_2lcc _cBK _hJA 86 _i.2022 B67 _k(CAS-PS) _n0 |
||
| 999 |
_c5516 _d5516 |
||